000 00328nam a2200133 4500
008 181224b xxu||||| |||| 00| 0 eng d
020 _a9780439254151
041 _aeng
080 _a371
100 _a46
101 _aEDU
245 _aScholastic Dictionary of Synonyms, Antonyms, and Homonyms
_cScholastic
942 _2ddc
_cBK
999 _c53753
_d53753